[Event "Nordrhein Westfalen-ch Seniors 13th"]
[Site "Bad Salzuflen"]
[Date "2002.06.13"]
[Round "6"]
[White "Ophoff, Rigobert"]
[Black "Bessert, Norbert"]
[Result "1-0"]
[WhiteElo "1836"]
[BlackElo "1684"]
[PlyCount "143"]
[EventDate "2002.06.??"]
[EventType "swiss"]
[EventRounds "9"]
[EventCountry "GER"]
[SourceTitle "EXT 2006"]
[Source "ChessBase"]
[SourceDate "2005.11.24"]
[SourceVersion "1"]
[SourceVersionDate "2005.11.24"]
[SourceQuality "1"]

1. d4 d5 2. Nf3 Nf6 3. c4 e6 4. Bg5 Be7 5. Nc3 a6 6. e3 dxc4 7. Bxc4 b5 8. Bd3 Bb7 9. 0-0 0-0 10. Rc1 Nbd7 11. Qe2 Rc8 12. Rfd1 h6 13. Bh4 Nd5 14. Bg3 Bd6 15. Ne4 Bxg3 16. hxg3 Qe7 17. Nc5 Nxc5 18. Rxc5 c6 19. Rdc1 Rfd8 20. Bb1 Nf6 21. Ne5 Rd6 22. Qc2 g6 23. Qe2 Nd7 24. Nxd7 Qxd7 25. Be4 Kg7 26. f4 f5 27. Bf3 Kh7 28. g4 fxg4 29. Bxg4 Rd5 30. R5c2 Qe7 31. Bf3 Rd6 32. Be4 Qf6 33. Qf3 Kg7 34. g3 Rcd8 35. Bxc6 Bxc6 36. Rxc6 h5 37. Rxd6 Rxd6 38. Rc7+ Kg8 39. Qa8+ Rd8 40. Qe4 Qf5 41. Qxf5 gxf5 42. Kf2 Rd6 43. Ke2 Kf8 44. Rh7 Ke8 45. Kd2 Rc6 46. Rxh5 Ke7 47. Rg5 Kf6 48. g4 fxg4 49. Rxg4 Kf5 50. Rg5+ Kf6 51. Rc5 Rb6 52. b4 Rd6 53. Kd3 Rb6 54. Ke4 Rd6 55. a3 Rb6 56. d5 exd5+ 57. Kxd5 Kf5 58. Rc6 Rb8 59. Rxa6 Rd8+ 60. Kc5 Rd3 61. Kxb5 Rxe3 62. a4 Kxf4 63. Rc6 Re5+ 64. Rc5 Re8 65. a5 Ke4 66. a6 Rb8+ 67. Ka5 Kd4 68. Rc1 Kd5 69. b5 Kd6 70. a7 Ra8 71. Kb6 Kd5 72. Kb7 1-0

[Event "Nordrhein Westfalen-ch Seniors 13th"]
[Site "Bad Salzuflen"]
[Date "2002.06.11"]
[Round "4"]
[White "Heslenfeld, Peter Hermann"]
[Black "Bessert, Norbert"]
[Result "1/2-1/2"]
[WhiteElo "2121"]
[BlackElo "1684"]
[PlyCount "80"]
[EventDate "2002.06.??"]
[EventType "swiss"]
[EventRounds "9"]
[EventCountry "GER"]
[SourceTitle "EXT 2006"]
[Source "ChessBase"]
[SourceDate "2005.11.24"]
[SourceVersion "1"]
[SourceVersionDate "2005.11.24"]
[SourceQuality "1"]

1. c4 Nf6 2. Nc3 d5 3. cxd5 Nxd5 4. g3 e6 5. Bg2 c6 6. Nf3 Nd7 7. 0-0 Be7 8. a3 0-0 9. Qc2 N7f6 10. d3 a6 11. b3 Nxc3 12. Qxc3 Nd5 13. Qc2 Bf6 14. Bb2 Bxb2 15. Qxb2 Qf6 16. d4 Bd7 17. Ne5 Rad8 18. e3 Qe7 19. b4 f6 20. Nf3 Nb6 21. Qc2 f5 22. Ne5 Bc8 23. Qc5 Qxc5 24. bxc5 Nd7 25. Nc4 Nf6 26. Rab1 Nd5 27. Bxd5 exd5 28. Na5 Rf7 29. Rb2 Rdd7 30. Nb3 g6 31. Nd2 Rc7 32. Nf3 Rfe7 33. Ne5 Kg7 34. h4 Re8 35. f4 h5 36. Kf2 Ree7 37. Rfb1 Re6 38. Ke2 Ree7 39. Kd2 Kf6 40. Rb6 Kg7 1/2-1/2

[Event "Nordrhein Westfalen-ch Seniors 13th"]
[Site "Bad Salzuflen"]
[Date "2002.06.10"]
[Round "3"]
[White "Bessert, Norbert"]
[Black "Detert, Heinz"]
[Result "1/2-1/2"]
[WhiteElo "1684"]
[BlackElo "1904"]
[PlyCount "132"]
[EventDate "2002.06.??"]
[EventType "swiss"]
[EventRounds "9"]
[EventCountry "GER"]
[SourceTitle "EXT 2006"]
[Source "ChessBase"]
[SourceDate "2005.11.24"]
[SourceVersion "1"]
[SourceVersionDate "2005.11.24"]
[SourceQuality "1"]

1. d4 d5 2. Nf3 Nf6 3. c4 c6 4. cxd5 cxd5 5. Nc3 Nc6 6. e3 Bf5 7. Bd3 Bg6 8. a3 e6 9. 0-0 Rc8 10. Re1 Bd6 11. h3 0-0 12. Bxg6 hxg6 13. e4 dxe4 14. Nxe4 Nxe4 15. Rxe4 Be7 16. Bd2 Qd5 17. Qe1 Rfd8 18. Bc3 Bf6 19. Ne5 Rd6 20. Nxc6 Qxc6 21. Rd1 Rcd8 22. Rc1 Qd7 23. Re2 Bxd4 24. Bxd4 Rxd4 25. Rec2 Qa4 26. Qc3 Rd1+ 27. Rxd1 Rxd1+ 28. Kh2 Qf4+ 29. Qg3 Qxg3+ 30. Kxg3 Rd3+ 31. f3 Rb3 32. Kf4 f6 33. Rc8+ Kh7 34. Rc2 a5 35. Kg3 g5 36. Rd2 Kg6 37. Kg4 b5 38. Re2 e5 39. Kg3 Kf5 40. Kf2 Ke6 41. Rd2 b4 42. axb4 Rxb4 43. Ke2 g6 44. Ke3 Rb3+ 45. Ke2 f5 46. Kf2 e4 47. fxe4 fxe4 48. Rc2 Kd5 49. Ke2 Kd4 50. Rd2+ Kc4 51. Rc2+ Kb4 52. Rd2 Rd3 53. Rc2 g4 54. hxg4 Rg3 55. Kf2 Rxg4 56. Ke3 Kb3 57. Rc5 Kb4 58. Rc2 Kb3 59. Rd2 a4 60. Kd4 Rf4 61. Ke3 g5 62. Kd4 g4 63. Ke3 Rf8 64. Kxe4 g3 65. Rd3+ Kxb2 66. Rxg3 Ra8 1/2-1/2